2nd topical stamp exhibition : (Record no. 2123)

000 -LEADER
fixed length control field 00819cam a2200181Ia 4500
008 - FIXED-LENGTH DATA ELEMENTS--GENERAL INFORMATION
fixed length control field 030321s1951 pauack c 000 0 eng d
100 ## - MAIN ENTRY--AUTHOR'S NAME
Author's Name National Philatelic Museum
245 10 - TITLE STATEMENT
Title 2nd topical stamp exhibition :
Remainder of title April 28-June 24, 1951 /
Statement of responsibility, etc. under auspices of Topical Philatelists, Inc. ... [et al.] ; Second Topical Stamp Exhibition Committee, Bertram W.H. Poole ... [et al.] ; National Philatelic Museum Exhibition Committee, Donald M. Steele ... [et al.].
260 ## - PUBLICATION, DISTRIBUTION, ETC. (IMPRINT)
Place of publication, distribution, etc. [Philadelphia :
Name of publisher, distributor, etc. National Philatelic Museum,
Date of publication, distribution, etc. 1951]
490 0# - SERIES STATEMENT
Series statement National Philatelic Museum ;
Volume/sequential designation v. 3, no. 2
650 #0 - TOPICAL TERM (Tag)
Topical term or geographic name Postage stamps
650 #0 - TOPICAL TERM (Tag)
Topical term or geographic name Topical
650 #0 - TOPICAL TERM (Tag)
Topical term or geographic name Stamp collecting
650 #0 - TOPICAL TERM (Tag)
Topical term or geographic name Stamp collecting.
700 1# - SECONDARY AUTHOR, EDITOR OR ILLUSTRATOR
Personal Name Poole, Bertram W. H.
Fuller Name (Bertram William Henry),
700 1# - SECONDARY AUTHOR, EDITOR OR ILLUSTRATOR
Personal Name Steele, Donald M.
Holdings
Withdrawn status Lost status Source of classification or shelving scheme Damaged status Koha normalized classification for sorting Not for loan Collection code Permanent Location Current Location Shelving location Date acquired Total Checkouts Full call number Barcode Date last seen Price effective from Koha item type
        P3200 A11 N27774     Northern Philatelic Library Northern Philatelic Library Bound Periodicals 11/19/2016   P3200 A11 N27774 1002461 11/19/2016 11/19/2016 Periodicals

Powered by Koha